Bir başkentin oluşumu (Record no. 2181)

MARC details
000 -BAŞLIK
Sabit Uzunlukta Kontrol Alanı 01117na a2200301 4500
001 - KONTROL NUMARASI
Denetim Alanı 16591
003 - KONTROL NUMARASI IDENTIFIER
Denetim Alanı MIRAKIL
005 - SON İŞLEM TARİHİ VE ZAMANI
Denetim Alanı 20181213154848.0
008 - SABİT-BOY VERİ ELEMANLARI - GENEL BİLGİLER
Sabit Uzunlukta Kontrol Alanı 161011b tu 000 0
020 ## - ULUSLARARASI STANDART KİTAP NUMARASI
Uluslararası Standart Kitap Numarası 9783000346248
040 ## - KATALOGLAMA KAYNAK
Orijinal Kataloglama Ajansı Milas
Kataloglama Dili tur
Metne Dönüştürmek Ajansı TR-AnCHP
041 ## - DİL KODU
Metin / Ses Parça Veya Ayrı Başlığın Dil Kodu tur
-- ger
082 ## - DEWEY ONLU SINIFLANDIRMA NUMARASI
Sınıflandırma Numarası 720.956511
Ürün Numarası B56 2011
090 ## - SINIFLAMA NUMARASI
Sınıflama Numarası 720.956511 B56 2011
245 ## - BAŞLIK TABLOSU
Başlık Bir başkentin oluşumu
Başlığın Kalan Avusturyalı, Alman ve İsviçreli mimarların Ankara'daki izleri = Das werden einer hauptstadt : Spuren Deutschsprachiger Architekten in Ankara
Sorumluluk Tablosu, Vb editör Leyla Alpagut, Achim Wagner
246 ## - UNVAN FORM VARYING
Başlık Doğru / Kısa Başlığı Das werden einer hauptstadt : Spuren, Deutschsprachiger architekten in Ankara
246 ## - UNVAN FORM VARYING
Başlık Doğru / Kısa Başlığı Avusturyalı, Alman ve İsviçreli mimarların Ankara'daki izleri
260 ## - YAYIN, DAĞITIM, VB
Yayın, Dağıtım, Vb Yeri Ankara
Yayıncı, Dağıtıcı, Vs Adı Goethe Institut
Yayın, Dağıtım, Vb Tarihi 2011
300 ## - FİZİKSEL TANIM
Kapsam 406 s.
Diğer Fiziksel Ayrıntıları fotg. ; hrt. ; tbl.
Boyutlar 31 sm.
500 ## - GENEL NOT
Genel Not Yapıt Türkçe-Almanca paraleldir.
504 ## - KAYNAKÇA VB NOT
Kaynakça Vb Notu Kaynakça var.
650 ## - KONU KATMA GİRİŞ - TOPİKAL DÖNEM
Topikal Süreli Veya Coğrafi Ad Giriş Elemanı Mimarlar
Coğrafi Alt Bölümü Almanya
650 ## - KONU KATMA GİRİŞ - TOPİKAL DÖNEM
Topikal Süreli Veya Coğrafi Ad Giriş Elemanı Mimarlık
Genel Alt Bölümü Tarih
Coğrafi Alt Bölümü Ankara
650 ## - KONU KATMA GİRİŞ - TOPİKAL DÖNEM
Topikal Süreli Veya Coğrafi Ad Giriş Elemanı Mimarlar
Coğrafi Alt Bölümü Avusturya
700 ## - KATMA GİRİŞ - KİŞİSEL İSİM
Kişisel Ad Wagner, Achim
700 ## - KATMA GİRİŞ - KİŞİSEL İSİM
Kişisel Ad Alpagut, Leyla
942 ## - EKLENDİ GİRİŞ ELEMANLARI (KOHA)
Sınıflandırma Veya Raf Düzeni Kaynak
Koha Öğesi Türü Books
999 ## - SİSTEM KONTROL NUMARALARI (KOHA)
Koha Biblionumber 2181
Koha Biblioitemnumber 2181
Holdings
Kalıcı Konum Mevcut Konum Edinme Tarihi Edinim Kaynak Toplam Check-Out'Lar Tam Çağrı Numarası Barkod Tarih Son Görülme İtibaren Geçerli Fiyatlar Koha Öğesi Türü
CHP Kütüphanesi CHP Kütüphanesi 10/08/2016 Bağış   720.956511 B56 2011 006577 10/08/2016 10/08/2016 Books